000 01627nam a2200301 4500
005 20240530111001.0
008 230215s2019 ua g b 000 0 ara d
017 _a2019/4389
_bمصر. دار الكتب
020 _a9789778547344
040 _aEG-CaGPL
_cEG-CaGPL
082 0 4 _221
_a378
_bهـ ت
100 1 _aهيسين، تورستين
245 1 2 _aالتعليم العالى والتمايز الاجتماعى :
_bدراسة عالمية مقارنة : ترجمة /
_cتورستين هيسين ؛ محمد بن احمد الرشيد ؛ جمعها وصنفها واشرف على مراجعتها محمد ابو بكر حميد
250 _aط.1
260 _aالقاهرة :
_bالدار العربية اللبنانية،
_c2019.
300 _a128 ؛
_c24 سم.
490 0 _aالاعمال الكاملة
500 _aهذة ترجمة ماذن بها للكتب رقم (36) فى سلسلة اساسيات التخطيط التربوى التى يصدرها المعهد الدولى للتخطيط التربوى وعنوان الكتب هو : Higher Education And Social An International Comparative Study
504 _aيشتمل على ارجاعات ببليوجرافية
650 0 7 _2qrmak
_aالتعليم
650 0 7 _2qrmak
_aالتعليم العالى
_xاغراضة واهدافة
650 0 7 _2qrmak
_aالتعليم العالى
_xالاحوال الاجتماعية
651 _2qrmak
700 0 _aمحمد بن احمد الرشيد
_eمترجم
700 0 _aمحمد ابو بكر حميد
_eمصنف ومشرف ومراجع
942 _2ddc
_cBK
999 _c67176
_d67176